000 00707nam a2200229 a 4500
999 _c815
_d815
001 815
003 BD-JhCC
005 20171010111328.0
008 171010s2012 bg a|||| aa| 00| 0 ben d
020 _a9848942536
035 _a(BD-JhCC)815
040 _aBD-JhCC
_dBD-JhCC
041 _aben
082 _a957.7
_bKHT 2012
100 _aখাতুন, রাবেয়া
245 _aভিয়েতনাম ও হিরাম ককসের দেসে /
_cরাবেয়া খাতুন
260 _aঢাকা :
_bসময় প্রকাশনী,
_c২০১২.
300 _a812 p . :
_bill. ;
_c21 cm.
650 _xHistory
_zVietnam
942 _2ddc
_cBK